Tilastot visalle Suomalaisille tuttuja tuotteiden ja yritysten mainoslauseita 2

Klikkaa tästä pelataksesi tätä visaa!

Yleistilastot

  • Tätä visaa on pelattu 263 kertaa
  • Keskiarvotulos 7 / 14

Vastaustilastot

HintAnswer% Oikein
Suomi"Täyttä olutta"Karhu
94%
Suomi"Parempaa pizzaa saa hakea"Kotipizza
81%
Sveitsi"Suomen pakastetuin jäätelö"Pingviini (Nestle)
76%
Suomi"Hyvän tahdon pelejä"RAY
67%
Ruotsi"Home is the most important place in the world"IKEA
66%
Yhdysvallat"Syökää kanaa!"McDonald's
59%
Suomi"Säästöä joka minuutti"Saunalahti Group
48%
Yhdysvallat"The best a man can get"Gillette
41%
Suomi"Sellainen on __________"Puuhamaa
41%
Suomi"Makusi mukaan"Hesburger
33%
Yhdysvallat"It's in the game"EA sports
29%
Suomi________! Vain pakki puuttuu.Helkama
24%
Yhdysvallat"Think different."Apple
21%
Suomi"Maailman ja ihmisen väliin tarvitaan jotain pehmeää"Finlayson
9%

Tulosjakauma

Persentiili vastausten määrän mukaan

Jokaisen tuloksen saaneiden osuus

Tuloshistoriasi

Et ole pelannut tätä visaa